| 000 | 00485cam a2200193ua 4500 | ||
|---|---|---|---|
| 001 | 7337 | ||
| 008 | 141218n ii |||gr||||Z||||||ben | ||
| 040 | _cMAIN | ||
| 041 | _aben | ||
| 082 | _a891.444 | ||
| 100 |
_aBagshi, S.S., _eEditor. |
||
| 245 |
_aKamalakanter daptor _cEdited by Sasanka Sekhar Bagshi |
||
| 250 | _a4th. | ||
| 260 |
_aKolkatta: _bModern, _c1964. |
||
| 300 | _a185p. | ||
| 653 | _aEast Indo-European & Celtic literatures | ||
| 653 | _aBengali essays | ||
| 942 | _cBK | ||
| 999 |
_c6462 _d6462 |
||